|
|
|
|
| LEADER |
01005cam a2200277 7i4500 |
| 001 |
0000033348 |
| 005 |
20170218090000.0 |
| 008 |
101215 eng |
| 020 |
|
|
|a 0324594631 (pbk.)
|
| 020 |
|
|
|a 0324589972 (hbk.)
|
| 020 |
|
|
|a 9780324594638 (pbk.)
|
| 020 |
|
|
|a 9780324589979 (hbk.)
|
| 090 |
0 |
0 |
|a HB171.5
|b .M76 2009
|
| 100 |
1 |
|
|a Mankiw, N. Gregory
|
| 245 |
1 |
0 |
|a Principles of economics
|c N. Gregory Mankiw.
|
| 250 |
|
|
|a 5th ed.
|
| 260 |
|
|
|a Mason, OH:
|b South-Western Cengage Learning,
|c 2009.
|
| 300 |
|
|
|a xxxi, 872 p.:
|b col. ill.;
|c 27 cm.
|
| 504 |
|
|
|a Includes bibliographical references and index
|
| 650 |
0 |
0 |
|a Economics
|
| 997 |
|
|
|a Business & Accountancy, Faculty
|
| 998 |
|
|
|a Business Management, Diploma
|
| 999 |
|
|
|a 0000045837
|b BOK
|c OPEN SHELF
|e 1st Floor, Bestari Jaya
|
| 999 |
|
|
|a 0000048330
|b BOK
|c OPEN SHELF
|e 1st Floor, Shah Alam
|
| 999 |
|
|
|a 0000048331
|b BOK
|c OPEN SHELF
|e 1st Floor, Shah Alam
|
| 999 |
|
|
|a 0000048332
|b BOK
|c OPEN SHELF
|e 1st Floor, Shah Alam
|